Piłkarze swojego rocznika z największą ilością meczów w kadrze - Statystyki

Ogólne statystyki
  • Ten quiz został rozwiązany 18 razy
    4 od ostatniego zresetowania
  • Średni wynik to 12 z 30
Statystyki odpowiedzi
Rok Piłkarz Mecze Reprezentacja % Poprawnych
1988 Alexis Sánchez 168 Chile
100%
1985 Cristiano Ronaldo 226 Portugalia
100%
1999 Gianluigi Donnarumma 81 Włochy
100%
1998 Kylian Mbappé 96 Francja
100%
2007 Lamine Yamal 25 Hiszpania
100%
1987 Lionel Messi 198 Argentyna
100%
1991 Antoine Griezmann 137 Francja
75%
1981 Iker Casillas 167 Hiszpania
75%
1995 Joshua Kimmich 108 Niemcy
75%
1997 Édson Alvarez 96 Meksyk
50%
2002 Ilya Zabarnyi 57 Ukraina
50%
1989 Ivan Perišić 152 Chorwacja
50%
2000 Jonathan David 75 Kanada
50%
1993 Romelu Lukaku | Abdelkarim Hassan 124 Belgia | Katar
50%
1996 Akram Afif 126 Katar
25%
1992 Joel Campbell 150 Kostaryka
25%
1984 Konstantin Vassiljev 159 Estoniw
25%
2001 Moisés Caceido 60 Ekwador
25%
1982 Amer Shafi 171 Jordania
0%
1986 Andrés Guardado 182 Meksyk
0%
1990 Hasan Al-Haydos 167 Katar
0%
2008 Ibrahim Mbaye 10 Senegal
0%
2006 James Scanlon 28 Gibraltar
0%
1980 Javad Nekouman 160 Iran
0%
1994 Jesús Gallardo 119 Meksyk
0%
2003 Loizos Loizou 47 Cypr
0%
2004 Marselino Ferdinan 37 Indonezja
0%
1983 Maynor Figueroa 181 Honduras
0%
2009 Moussa Cissé | Tjivari Leveret-Francisca 5 Senegal | Anguilla
0%
2005 Travis Mutyaba 30 Uganda
0%
Nie znaleziono quizów pasujących do podanych kryteriów
Rozkład punktacji
Procent ludzi z każdym wynikiem
Percentyl według liczby udzielonych odpowiedzi
Twoja historia wyników
Nie rozwiązałeś tego quizu od ostatniego zresetowania